000 00400nam a2200181Ia 4500
005 20250603145836.0
008 250603s9999 xx 000 0 und d
020 _a0-19-422998-X
050 _aPZ 7 .B46 C37/
100 _aBennet, Arnold
245 4 _aThe card
260 _aOxford
260 _bOxford Universty Press
260 _c2002
300 _a72 p
650 _aOxford
942 _cBK
999 _c43019
_d43019